000 00260nam a22001217a 4500
003 SGT
082 _a157.9
_bD14D
100 _aDENICOLO, PAM
245 _aDEVELOPING TRANSFERABLE SKILLS
260 _aANGELES
_bSAGE
_c2014
300 _a164
942 _2ddc
_cBK
999 _c15043
_d15043